[Event "Lisbon Portugal rapid op"]
[Site "Lisbon"]
[Date "2022.09.03"]
[Round "1"]
[White "Camacho, Filipa Fernandes Br"]
[Black "Santos, Jeovani Amaro Dias"]
[Result "0-1"]
[WhiteElo "1352"]
[BlackElo "2103"]
[PlyCount "52"]
[EventDate "2022.09.03"]
[EventType "swiss (rapid)"]
[EventRounds "11"]
[EventCountry "POR"]
[SourceTitle "CBM 210 Extra"]
[Source "ChessBase"]
[SourceDate "2022.11.30"]
[SourceVersion "1"]
[SourceVersionDate "2022.11.30"]
[SourceQuality "1"]

1. e4 e5 2. Nf3 Nf6 3. Nc3 Bb4 4. d3 Nc6 5. Bd2 0-0 6. Be2 d5 7. exd5 Nxd5 8. Nxd5 Qxd5 9. 0-0 Bf5 10. Bxb4 Nxb4 11. Qd2 Nc6 12. Nh4 Be6 13. Bf3 Qd8 14. g3 Nd4 15. Bg2 Bd5 16. f4 Re8 17. fxe5 Rxe5 18. Qf2 Be6 19. Nf3 Nxf3+ 20. Bxf3 Qd6 21. b3 c6 22. Qd2 a5 23. Rf2 a4 24. Raf1 axb3 25. axb3 Ra2 26. Qb4 Qxb4 0-1

[Event "Lisbon Portugal rapid op"]
[Site "Lisbon"]
[Date "2022.09.03"]
[Round "3"]
[White "Cordeiro, Joao Carlos Santos"]
[Black "Santos, Jeovani Amaro Dias"]
[Result "0-1"]
[WhiteElo "2054"]
[BlackElo "2103"]
[PlyCount "92"]
[EventDate "2022.09.03"]
[EventType "swiss (rapid)"]
[EventRounds "11"]
[EventCountry "POR"]
[SourceTitle "CBM 210 Extra"]
[Source "ChessBase"]
[SourceDate "2022.11.30"]
[SourceVersion "1"]
[SourceVersionDate "2022.11.30"]
[SourceQuality "1"]

1. d4 Nf6 2. Nf3 c5 3. c3 cxd4 4. cxd4 d5 5. Nc3 e6 6. Bf4 Bd6 7. Bxd6 Qxd6 8. e3 0-0 9. Bd3 Nc6 10. 0-0 a6 11. a3 Na5 12. Ne5 b5 13. b4 Nc4 14. Bxc4 dxc4 15. Qf3 Ra7 16. Ne4 Nxe4 17. Qxe4 f6 18. Nf3 Bb7 19. Qg4 a5 20. h4 axb4 21. axb4 Rfa8 22. Rxa7 Rxa7 23. Rb1 c3 24. Rc1 Ra3 25. Qh5 Bc6 26. Qc5 Qxc5 27. dxc5 e5 28. Kf1 Kf7 29. Ng1 Rb3 30. Ne2 Ke6 31. Rxc3 Rxb4 32. f3 f5 33. Rd3 Bd5 34. Kf2 Rb2 35. Ke1 Rxe2+ 36. Kxe2 Bc4 37. Kd2 Bxd3 38. Kxd3 Kd5 39. c6 Kxc6 40. Kc3 Kc5 41. g4 fxg4 42. fxg4 e4 43. Kb3 b4 44. Kb2 Kc4 45. Kc2 b3+ 46. Kb2 Kd3 0-1

[Event "Lisbon Portugal rapid op"]
[Site "Lisbon"]
[Date "2022.09.03"]
[Round "4"]
[White "Santos, Jeovani Amaro Dias"]
[Black "Spraggett, Kevin"]
[Result "0-1"]
[WhiteElo "2103"]
[BlackElo "2472"]
[PlyCount "73"]
[EventDate "2022.09.03"]
[EventType "swiss (rapid)"]
[EventRounds "11"]
[EventCountry "POR"]
[SourceTitle "CBM 210 Extra"]
[Source "ChessBase"]
[SourceDate "2022.11.30"]
[SourceVersion "1"]
[SourceVersionDate "2022.11.30"]
[SourceQuality "1"]

1. d4 Nf6 2. c4 d6 3. Nf3 Bg4 4. g3 Nbd7 5. Bg2 c6 6. Nc3 e5 7. h3 Bh5 8. g4 Bg6 9. Nh4 Be7 10. Bg5 Qb6 11. dxe5 dxe5 12. Nxg6 hxg6 13. Qc2 Nxg4 14. hxg4 Rxh1+ 15. Bxh1 Bxg5 16. Ne4 Be7 17. a3 a5 18. Rd1 Rd8 19. Qc3 Qc7 20. Bf3 Nf8 21. Rxd8+ Bxd8 22. e3 Ne6 23. Ke2 Be7 24. Bg2 b6 25. Bf3 Kf8 26. Qc1 Kg8 27. Qh1 b5 28. Qc1 b4 29. axb4 Bxb4 30. Qc2 f5 31. gxf5 gxf5 32. Ng3 e4 33. Bg2 Qe5 34. Bh3 g6 35. Kf1 Nc5 36. Qa4 Nxa4 37. Ne2 0-1

[Event "Lisbon Portugal rapid op"]
[Site "Lisbon"]
[Date "2022.09.03"]
[Round "5"]
[White "Simoes, John William"]
[Black "Santos, Jeovani Amaro Dias"]
[Result "1-0"]
[WhiteElo "1905"]
[BlackElo "2103"]
[PlyCount "61"]
[EventDate "2022.09.03"]
[EventType "swiss (rapid)"]
[EventRounds "11"]
[EventCountry "POR"]
[SourceTitle "CBM 210 Extra"]
[Source "ChessBase"]
[SourceDate "2022.11.30"]
[SourceVersion "1"]
[SourceVersionDate "2022.11.30"]
[SourceQuality "1"]

1. e4 e5 2. Nf3 Nf6 3. Nxe5 d6 4. Nf3 Nxe4 5. Qe2 Qe7 6. d3 Nf6 7. Bg5 Nbd7 8. Nc3 h6 9. Bh4 g5 10. Bg3 a6 11. 0-0-0 Qxe2 12. Bxe2 Nb6 13. Rhe1 Bf5 14. Nd4 Bg6 15. Bf3+ Be7 16. Bxb7 Rd8 17. Nc6 Rd7 18. Bxa6 Kf8 19. Nb5 Nfd5 20. c4 Nf4 21. Bxf4 gxf4 22. Nxe7 Rxe7 23. Rxe7 Kxe7 24. Nxc7 Kd7 25. Nd5 Nxd5 26. cxd5 Kc7 27. Bc4 Kb6 28. Kd2 Kc5 29. Kc3 Re8 30. a4 Re2 31. d4+ 1-0

[Event "Benidorm op U2300 18th"]
[Site "Benidorm"]
[Date "2019.12.01"]
[Round "3"]
[White "Levay, Sorin"]
[Black "Santos, Jeovani Amaro Dias"]
[Result "1/2-1/2"]
[WhiteElo "2170"]
[BlackElo "2098"]
[PlyCount "115"]
[EventDate "2019.11.29"]
[EventType "swiss"]
[EventRounds "10"]
[EventCountry "ESP"]
[SourceTitle "EXT 2022"]
[Source "ChessBase"]
[SourceDate "2021.10.06"]
[SourceVersion "1"]
[SourceVersionDate "2021.10.06"]
[SourceQuality "1"]

1. Nf3 Nf6 2. g3 c5 3. Bg2 Nc6 4. 0-0 g6 5. c3 Bg7 6. d4 cxd4 7. cxd4 d5 8. Nc3 0-0 9. Ne5 e6 10. Nxc6 bxc6 11. Na4 Nd7 12. Bf4 e5 13. dxe5 Nxe5 14. Rc1 Bd7 15. b3 Qe7 16. Qd2 Rfd8 17. Bg5 f6 18. Be3 f5 19. Bg5 Bf6 20. Bxf6 Qxf6 21. e3 Nf7 22. Nc5 Be8 23. Qd4 Qxd4 24. exd4 Ng5 25. f3 Rd6 26. Rfe1 Kf7 27. b4 Rb8 28. a3 Ne6 29. Nxe6 Rxe6 30. Rxe6 Kxe6 31. Bf1 Kd6 32. Rc5 Bd7 33. Kf2 g5 34. f4 h6 35. Bd3 gxf4 36. gxf4 Rg8 37. h3 h5 38. Ra5 h4 39. Rxa7 Rg3 40. Bf1 Rb3 41. Ra8 Rb2+ 42. Be2 Rb3 43. Bf1 Rb2+ 44. Ke3 Rb3+ 45. Bd3 Rb2 46. Rh8 Ra2 47. Rh6+ Ke7 48. Rh7+ Kd6 49. Rxh4 Rxa3 50. Rh6+ Ke7 51. Rh8 c5 52. Rh7+ Kd8 53. Rxd7+ Kxd7 54. dxc5 Kc6 55. Kd4 Ra4 56. Kc3 Ra3+ 57. Kd4 Ra4 58. Kc3 1/2-1/2

[Event "Benidorm op U2300 18th"]
[Site "Benidorm"]
[Date "2019.11.30"]
[Round "2"]
[White "Santos, Jeovani Amaro Dias"]
[Black "Cano Gimenez, Vicente"]
[Result "1-0"]
[WhiteElo "2098"]
[BlackElo "2256"]
[PlyCount "99"]
[EventDate "2019.11.29"]
[EventType "swiss"]
[EventRounds "10"]
[EventCountry "ESP"]
[SourceTitle "EXT 2022"]
[Source "ChessBase"]
[SourceDate "2021.10.06"]
[SourceVersion "1"]
[SourceVersionDate "2021.10.06"]
[SourceQuality "1"]

1. d4 Nf6 2. c4 c5 3. d5 b5 4. cxb5 a6 5. bxa6 g6 6. Nc3 Bg7 7. g3 d6 8. Bg2 Nbd7 9. Nf3 0-0 10. Rb1 Nb6 11. Nh4 Nfd7 12. 0-0 Nc4 13. Qc2 Qa5 14. Bh3 Rxa6 15. Bxd7 Bxd7 16. Qe4 Ne5 17. Bd2 f5 18. Qc2 Nc4 19. Be1 Raa8 20. a4 Qa6 21. Ra1 Nb6 22. Bd2 c4 23. a5 Nc8 24. e4 fxe4 25. Qxe4 Qb7 26. Qxc4 Qxb2 27. Ra2 Qb8 28. Rb1 Qa7 29. a6 Qxf2+ 30. Kh1 Bh3 31. Bf4 Rxf4 32. Qxf4 Qxf4 33. gxf4 Bxc3 34. Rb3 Bd4 35. Rxh3 Rb8 36. Rd3 Bc5 37. Kg2 Rb4 38. Kf3 Kf7 39. Ng2 Nb6 40. Ne3 Na8 41. Nf1 Nc7 42. Nd2 h6 43. Rb3 Rd4 44. Ne4 Rxd5 45. Nxc5 Rxc5 46. a7 Kf6 47. Rb7 Na8 48. Rb8 Nc7 49. Rc8 Rc3+ 50. Kf2 1-0